000 00962nam a2200253Ia 4500
003 GCL
008 140319s9999 xx 000 0 ara d
040 _aGCL /
_cGCL
082 0 4 _a915.3109531
_bم د
100 1 _aمحمد احمد الرويثى
245 1 0 _aدراسات فى جغرافيا وادى الصفراء بمنطقة المدينة المنورة - المملكة السعودية /
_cمحمد احمد الرويثى
700 1 _aمحمد محمد زهرة
260 _a[S.N] :
_bمعهد البحوث والدراسات العربية ،
_c1989
490 _aسلسلة الدراسات الخاصة
_v0
650 0 4 _aالسعودية
650 0 4 _aالمدنية
650 0 4 _aالجغرافيا
650 0 4 _aالجغرافيا الاقتصادية
650 0 4 _aالسكان
650 0 4 _aالمدينة المنورة
650 0 4 _aالجغرافيا البشرية
650 0 4 _aوادى الصفراء
942 _2ddc
_cBK
999 _c29738
_d29738